Normal view MARC view

Entry Personal Name

Number of records used in: 4

001 - CONTROL NUMBER

  • control field: 1239541

003 - CONTROL NUMBER IDENTIFIER

  • control field: OSt

005 - DATE AND TIME OF LATEST TRANSACTION

  • control field: 20260514122542.0

008 - FIXED-LENGTH DATA ELEMENTS

  • fixed length control field: 260514|| aca||aabn | a|a d

040 ## - CATALOGING SOURCE

  • Original cataloging agency: OSt
  • Transcribing agency: OSt

100 ## - HEADING--PERSONAL NAME

  • Personal name: Dr.Sharmila B.Mukherjee

670 ## - SOURCE DATA FOUND

  • Source citation: Work cat.: (OSt)1851487: Nagpal Dr.Manisha 1239538, Phenotypic Variations in Ocular Alignment in Children and Adolescents with Cerebral Palsy.
Copyright @ Delhi University Library System